Industrial Relations Journal

Bibliographic Details
Format: eBook
Language:English
Published: Hoboken: Wiley, 1970 -
Subjects:
Online Access:Acceso restringido

MARC

LEADER 00000nam a22000007a 4500
005 20210323220029.0
007 cr|||| |||
008 210323c19709999us ar|| s|||| 0|||b1eng d
022 |a 0019-8692 
035 |a 32873 
040 |a vLex 
090 |c 11369  |d 11369 
245 0 0 |a Industrial Relations Journal  |h [Recurso electrn̤ico] / 
256 |a Servicio en ln̕ea 
260 |a Hoboken:  |b Wiley,  |c 1970 - 
300 |a 1 recurso electrn̤ico 
310 |a Anual 
362 |a Nð 1-1 (Mar. 1970) - 
506 1 |a Disponible solo en los productos indicados  |d vLex Global  |d vLex Global (Academic Edition, excluding Law Schools)  |d vLex Global (Academic Edition, Law Schools) 
650 0 4 |a Derecho Mercantil y de la Empresa  |z Estados Unidos 
650 0 4 |a Derecho Laboral y Seguridad Social  |z Estados Unidos 
650 0 4 |a Derecho Pb︢lico y Administrativo  |z Estados Unidos 
740 0 |a vLex Revistas (Servicio en ln̕ea) 
856 4 0 |u https://vlex.com/source/32873  |z Acceso restringido 
942 |c REV 
999 0 |a Commercial and Company Law 
999 0 |a Labor Law and Social Security 
999 0 |a Public and Administrative Law